00470nmm a2200157Ia 4500008004100000020001800041041000800059100002500067245004600092264006600138300001800204650001500222856005100237942000700288999001700295251105s9999||||xx |||||||||||||||||und|| a9788491165897 aspa aSegura Bernal, Jordi 0aPsicología aplicada al deporte adaptado a[Madrid, España] :bUniversitat Oberta de Catalunya, c2017 a288 páginas aPsychology uhttps://public.digitaliapublishing.com/a/47356 cCF c88420d88420